| 000 | 00507 a2200193 4500 | ||
|---|---|---|---|
| 260 | _aNew York | ||
| 100 | _aMONROE, Kristen Renwick | ||
| 260 | _bHarper Collins Publishers | ||
| 245 | _aThe Economic approach to policics : a critical reassessment of the theory of rational action | ||
| 300 | _aXXIII-452p. | ||
| 650 | _ascience politique | ||
| 650 | _athéorie économique | ||
| 260 | _c1991 | ||
| 300 | _bcouv.ill. | ||
| 130 | _lEn. | ||
| 020 | _a0-673-46426-1 | ||
| 999 |
_c27690 _d27690 |
||